| 000 | 00826nam a22002777a 4500 | ||
|---|---|---|---|
| 003 | CHAP | ||
| 005 | 20220329134609.0 | ||
| 008 | 971013s1878 r 00010 d | ||
| 010 | _a22794 | ||
| 011 | _a23766 | ||
| 035 | _a27863 | ||
| 040 | _cCHAP | ||
| 082 |
_a590 _bD82 |
||
| 100 | 0 | 0 |
_aDugés, Alfredo. _934427 |
| 245 | _aPrograma de un curso de zoología | ||
| 260 |
_aGuanajuato : _bImprenta del Estado a cargo de Justo Palencia, _c1878 |
||
| 300 |
_a254, 8 p. _b: láms. |
||
| 590 |
_aBATCH-UPD _b10 _c20130110 _lUCH01 _h1809 |
||
| 590 |
_aBATCH-UPD _b10 _c20130410 _lUCH01 _h1144 |
||
| 590 |
_aBATCH-UPD _b10 _c20130914 _lUCH01 _h1708 |
||
| 590 |
_aCONVERSION _b10 _c20130109 _lUCH01 _h1313 |
||
| 650 | 1 | 4 |
_aZoología. _9124151 |
| 901 | _aBK | ||
| 942 | _cLIBRO | ||
| 949 |
_a590 D82 _bBC _cBPP _d-64420 _eBPP _h2248 _i27863 _si |
||
| 999 |
_c22794 _d22794 |
||